[Event "escc2023_50"]
[Site "?"]
[Date "2023.05.28"]
[Round "3.1"]
[White "Makropoulou, Marina"]
[Black "Sirletti, Sonia"]
[Result "1/2-1/2"]
[BlackElo "1825"]
[WhiteElo "2081"]
[LiveChessVersion "1.4.8"]

1. e4 {[%clk 1:30:57]} c6 {[%clk 1:30:48]} 2. d4 {[%clk 1:31:11]} d5
{[%clk 1:31:06]} 3. Nc3 {[%clk 1:31:36]} dxe4 {[%clk 1:31:27]} 4. Nxe4
{[%clk 1:32:01]} Nd7 {[%clk 1:31:43]} 5. Nf3 {[%clk 1:31:18]} Ngf6
{[%clk 1:31:56]} 6. Nxf6+ {[%clk 1:31:25]} Nxf6 {[%clk 1:32:19]} 7. c3
{[%clk 1:31:21]} Bg4 {[%clk 1:32:03]} 8. h3 {[%clk 1:31:40]} Bxf3
{[%clk 1:32:17]} 9. Qxf3 {[%clk 1:32:05]} e6 {[%clk 1:31:59]} 10. Bd3
{[%clk 1:22:46]} Qc7 {[%clk 1:23:41]} 11. O-O {[%clk 1:20:41]} Bd6
{[%clk 1:20:32]} 12. Re1 {[%clk 1:19:06]} O-O-O {[%clk 1:17:47]} 13. a4
{[%clk 1:17:48]} Kb8 {[%clk 1:16:24]} 14. b4 {[%clk 1:07:56]} Nd5
{[%clk 1:05:05]} 15. Be4 {[%clk 1:06:47]} f5 {[%clk 1:02:59]} 16. Bxd5
{[%clk 1:07:09]} exd5 {[%clk 1:02:54]} 17. b5 {[%clk 0:59:14]} Rde8
{[%clk 0:57:54]} 18. Bd2 {[%clk 0:59:23]} g6 {[%clk 0:57:09]} 19. Qd3
{[%clk 0:56:38]} Rxe1+ {[%clk 0:47:35]} 20. Rxe1 {[%clk 0:56:50]} Qd7
{[%clk 0:47:19]} 21. c4 {[%clk 0:49:57]} dxc4 {[%clk 0:39:53]} 22. Qxc4
{[%clk 0:50:18]} cxb5 {[%clk 0:33:38]} 23. axb5 {[%clk 0:50:09]} Rc8
{[%clk 0:30:05]} 24. Qd3 {[%clk 0:49:21]} Re8 {[%clk 0:28:01]} 25. Rxe8+
{[%clk 0:36:46]} Qxe8 {[%clk 0:28:21]} 26. Qc4 {[%clk 0:31:59]} Bc7
{[%clk 0:08:28]} 27. g3 {[%clk 0:31:37]} Qd8 {[%clk 0:04:08]} 28. Bh6
{[%clk 0:24:30]} Qe8 {[%clk 0:03:11]} 29. Kf1 {[%clk 0:23:10]} b6
{[%clk 0:03:18]} 30. Bg7 {[%clk 0:20:59]} Qe4 {[%clk 0:02:12]} 31. Kg1
{[%clk 0:11:49]} Kb7 {[%clk 0:01:50]} 32. Bh6 {[%clk 0:10:18]} Qe1+
{[%clk 0:01:16]} 33. Kg2 {[%clk 0:10:16]} Qe4+ {[%clk 0:01:39]} 34. Kg1
{[%clk 0:06:03]} Qe1+ {[%clk 0:02:01]} 35. Kg2 {[%clk 0:06:25]} Qe4+
{[%clk 0:02:26]} 36. Kh2 {[%clk 0:05:43]} f4 {[%clk 0:02:26]} 37. Bxf4
{[%clk 0:05:29]} Bxf4 {[%clk 0:02:50]} 38. gxf4 {[%clk 0:05:56]} Qxf4+
{[%clk 0:03:12]} 39. Kg2 {[%clk 0:06:14]} Qg5+ {[%clk 0:03:12]} 40. Kf1
{[%clk 0:06:27]} Qf5 {[%clk 0:02:06]} 41. Qc6+ {[%clk 0:05:35]} Kb8
{[%clk 0:01:27]} 42. Kg2 {[%clk 0:00:56]} Qg5+ {[%clk 0:28:30]} 43. Kf1
{[%clk 0:29:34]} Qf5 {[%clk 0:28:47]} 44. Kg2 {[%clk 0:25:22]} Qg5+
{[%clk 0:29:06]} 45. Kf1 {[%clk 0:25:14]} Qf5 {[%clk 0:29:20]} 1/2-1/2

[Event "escc2023_50"]
[Site "?"]
[Date "2023.05.28"]
[Round "3.2"]
[White "Baglay, Kseniya"]
[Black "Dubois, Martine"]
[Result "0-1"]
[BlackElo "1753"]
[WhiteElo "1712"]
[LiveChessVersion "1.4.8"]

1. Nf3 {[%clk 1:30:56]} d5 {[%clk 1:30:52]} 2. c4 {[%clk 1:31:19]} d4
{[%clk 1:31:13]} 3. e3 {[%clk 1:31:39]} Nc6 {[%clk 1:31:36]} 4. a3
{[%clk 1:31:29]} e5 {[%clk 1:30:40]} 5. b4 {[%clk 1:30:21]} dxe3 {[%clk 1:18:36]}
6. fxe3 {[%clk 1:22:47]} e4 {[%clk 1:18:28]} 7. Ng1 {[%clk 1:22:05]} Bd6
{[%clk 1:13:10]} 8. d4 {[%clk 1:15:53]} exd3 {[%clk 1:09:29]} 9. Bxd3
{[%clk 1:15:49]} Qh4+ {[%clk 1:05:26]} 10. Kd2 {[%clk 1:16:14]} Bg4
{[%clk 0:55:10]} 11. Nf3 {[%clk 1:15:17]} Qf6 {[%clk 0:52:34]} 12. Ra2
{[%clk 1:04:30]} O-O-O {[%clk 0:47:05]} 13. Qf1 {[%clk 0:48:43]} Qh6
{[%clk 0:36:32]} 14. Kc2 {[%clk 0:41:14]} Bxb4 {[%clk 0:30:05]} 15. Nd4
{[%clk 0:41:42]} Rxd4 {[%clk 0:17:36]} 16. exd4 {[%clk 0:42:10]} Nxd4+
{[%clk 0:18:00]} 17. Kb2 {[%clk 0:42:23]} Qb6 {[%clk 0:17:31]} 18. Bf4
{[%clk 0:28:21]} Bd2+ {[%clk 0:11:48]} 19. Ka1 {[%clk 0:28:41]} Nb3+
{[%clk 0:11:29]} 20. Kb2 {[%clk 0:29:02]} Nd4+ {[%clk 0:10:43]} 21. Ka1
{[%clk 0:29:22]} Nb3+ {[%clk 0:10:03]} 22. Kb2 {[%clk 0:29:44]} Nc5+
{[%clk 0:08:49]} 23. Kc2 {[%clk 0:24:03]} Bxf4 {[%clk 0:07:59]} 24. Qxf4
{[%clk 0:18:50]} Qb3+ {[%clk 0:08:13]} 25. Kd2 {[%clk 0:19:11]} Qxd3+
{[%clk 0:08:00]} 26. Kc1 {[%clk 0:15:23]} Nf6 {[%clk 0:06:11]} 27. Nd2
{[%clk 0:09:23]} Qc3+ {[%clk 0:04:55]} 28. Kb1 {[%clk 0:09:40]} Rd8
{[%clk 0:04:05]} 29. Rc1 {[%clk 0:05:13]} Qxc1+ {[%clk 0:04:13]} 30. Kxc1
{[%clk 0:05:31]} Nd3+ {[%clk 0:04:41]} 31. Kc2 {[%clk 0:05:42]} Nxf4
{[%clk 0:05:03]} 32. g3 {[%clk 0:05:23]} Ne2 {[%clk 0:05:02]} 33. Kb3
{[%clk 0:04:19]} Nc1+ {[%clk 0:05:23]} 0-1

[Event "escc2023_50"]
[Site "?"]
[Date "2023.05.28"]
[Round "3.3"]
[White "Urbanc, Suzana"]
[Black "Baliuniene, Margarita"]
[Result "1-0"]
[BlackElo "1920"]
[WhiteElo "1655"]
[LiveChessVersion "1.4.8"]

1. d4 {[%clk 1:30:58]} d5 {[%clk 1:30:55]} 2. Bf4 {[%clk 1:31:24]} Nf6
{[%clk 1:31:06]} 3. e3 {[%clk 1:31:52]} c5 {[%clk 1:31:11]} 4. c3
{[%clk 1:32:20]} Nc6 {[%clk 1:31:28]} 5. Nd2 {[%clk 1:32:48]} e6 {[%clk 1:31:15]}
6. Ngf3 {[%clk 1:33:14]} Bd6 {[%clk 1:31:18]} 7. Bg3 {[%clk 1:33:42]} O-O
{[%clk 1:31:29]} 8. Bd3 {[%clk 1:34:07]} cxd4 {[%clk 1:28:25]} 9. exd4
{[%clk 1:34:35]} a6 {[%clk 1:26:16]} 10. a4 {[%clk 1:33:17]} b6 {[%clk 1:22:57]}
11. Ne5 {[%clk 1:32:15]} Bb7 {[%clk 1:22:57]} 12. f4 {[%clk 1:32:27]} Ne7
{[%clk 1:22:52]} 13. Qe2 {[%clk 1:25:16]} Nf5 {[%clk 1:21:56]} 14. Bf2
{[%clk 1:24:59]} Be7 {[%clk 1:21:23]} 15. g4 {[%clk 1:24:32]} Nd6
{[%clk 1:21:47]} 16. g5 {[%clk 1:10:17]} Nfe4 {[%clk 1:21:56]} 17. h4
{[%clk 1:06:38]} b5 {[%clk 1:18:11]} 18. O-O {[%clk 0:44:11]} f6 {[%clk 1:11:47]}
19. Nef3 {[%clk 0:38:22]} f5 {[%clk 1:08:19]} 20. axb5 {[%clk 0:37:01]} Nxf2
{[%clk 1:04:24]} 21. Qxe6+ {[%clk 0:29:34]} Kh8 {[%clk 1:04:46]} 22. Kxf2
{[%clk 0:29:16]} Re8 {[%clk 1:01:00]} 23. Ne5 {[%clk 0:26:58]} axb5
{[%clk 0:50:40]} 24. Bxb5 {[%clk 0:15:34]} Rxa1 {[%clk 0:49:27]} 25. Rxa1
{[%clk 0:15:10]} Bc8 {[%clk 0:49:35]} 26. Bd7 {[%clk 0:13:14]} Qc7
{[%clk 0:28:55]} 27. Bxc8 {[%clk 0:11:08]} Bxg5 {[%clk 0:26:19]} 28. Qxd6
{[%clk 0:08:31]} Bxh4+ {[%clk 0:26:42]} 29. Kf3 {[%clk 0:07:06]} Qxc8
{[%clk 0:26:37]} 30. Nf7+ {[%clk 0:06:32]} Kg8 {[%clk 0:27:06]} 31. Qxd5
{[%clk 0:06:24]} Kf8 {[%clk 0:27:26]} 32. Nd6 {[%clk 0:06:01]} Qd7
{[%clk 0:27:35]} 33. Qxf5+ {[%clk 0:03:40]} Qxf5 {[%clk 0:28:04]} 34. Nxf5
{[%clk 0:04:04]} Bf6 {[%clk 0:28:19]} 35. Ne4 {[%clk 0:04:07]} Kf7
{[%clk 0:28:46]} 36. Nfd6+ {[%clk 0:04:15]} 1-0

[Event "escc2023_50"]
[Site "?"]
[Date "2023.05.28"]
[Round "3.4"]
[White "Novak, Simona"]
[Black "Birkholz, Olga"]
[Result "1/2-1/2"]
[BlackElo "2005"]
[WhiteElo "1622"]
[LiveChessVersion "1.4.8"]

1. e4 {[%clk 1:30:57]} d6 {[%clk 1:30:57]} 2. d4 {[%clk 1:31:02]} Nf6
{[%clk 1:31:00]} 3. Nc3 {[%clk 1:30:58]} c6 {[%clk 1:31:25]} 4. f4
{[%clk 1:22:11]} Qa5 {[%clk 1:26:00]} 5. Bd3 {[%clk 1:20:58]} e5 {[%clk 1:21:47]}
6. dxe5 {[%clk 1:13:12]} dxe5 {[%clk 1:22:12]} 7. Bd2 {[%clk 0:58:40]} Nbd7
{[%clk 1:13:07]} 8. Nf3 {[%clk 0:54:24]} Qc7 {[%clk 1:04:49]} 9. fxe5
{[%clk 0:47:59]} Nxe5 {[%clk 1:05:14]} 10. Qe2 {[%clk 0:48:03]} Bd6
{[%clk 0:57:44]} 11. O-O-O {[%clk 0:46:43]} Bg4 {[%clk 0:53:51]} 12. Kb1
{[%clk 0:43:03]} O-O-O {[%clk 0:48:34]} 13. Be3 {[%clk 0:40:48]} Qa5
{[%clk 0:39:51]} 14. Qf2 {[%clk 0:36:09]} Kb8 {[%clk 0:23:38]} 15. h3
{[%clk 0:34:16]} Bxf3 {[%clk 0:18:59]} 16. gxf3 {[%clk 0:34:14]} Ka8
{[%clk 0:16:27]} 17. Ne2 {[%clk 0:25:46]} Nfd7 {[%clk 0:14:22]} 18. f4
{[%clk 0:24:13]} Nxd3 {[%clk 0:10:14]} 19. Rxd3 {[%clk 0:24:41]} Be7
{[%clk 0:09:31]} 20. Rg1 {[%clk 0:20:59]} g6 {[%clk 0:08:03]} 21. Rgd1
{[%clk 0:16:23]} Nb6 {[%clk 0:07:02]} 22. Bd4 {[%clk 0:11:34]} Rhe8
{[%clk 0:07:13]} 23. e5 {[%clk 0:11:43]} Nc8 {[%clk 0:06:12]} 24. Nc1
{[%clk 0:12:06]} Qc7 {[%clk 0:05:56]} 25. Nb3 {[%clk 0:12:22]} b6
{[%clk 0:06:12]} 26. Qf3 {[%clk 0:12:20]} Kb8 {[%clk 0:06:32]} 27. Nc1
{[%clk 0:12:12]} c5 {[%clk 0:06:31]} 28. Bf2 {[%clk 0:11:25]} Rxd3
{[%clk 0:06:45]} 29. cxd3 {[%clk 0:11:31]} Qb7 {[%clk 0:07:00]} 30. Qe2
{[%clk 0:09:45]} Qc6 {[%clk 0:06:49]} 31. Bg3 {[%clk 0:09:49]} Kb7
{[%clk 0:07:04]} 32. Nb3 {[%clk 0:09:51]} Rd8 {[%clk 0:07:10]} 33. Nd2
{[%clk 0:09:54]} Qd5 {[%clk 0:06:12]} 34. Nc4 {[%clk 0:10:08]} a6
{[%clk 0:05:54]} 35. Ne3 {[%clk 0:09:59]} Qc6 {[%clk 0:06:12]} 36. Nc4
{[%clk 0:10:22]} Qd5 {[%clk 0:06:15]} 37. Ne3 {[%clk 0:10:47]} Qc6
{[%clk 0:06:41]} 38. Nc4 {[%clk 0:11:04]} Na7 {[%clk 0:06:40]} 39. Be1
{[%clk 0:10:10]} Qd5 {[%clk 0:06:40]} 40. Ne3 {[%clk 0:10:26]} Qc6
{[%clk 0:06:10]} 41. Nc4 {[%clk 0:10:31]} Rd4 {[%clk 0:01:43]} 42. Bg3
{[%clk 0:07:08]} Nc8 {[%clk 0:01:49]} 43. Ne3 {[%clk 0:05:45]} Rd8
{[%clk 0:29:07]} 44. Nc4 {[%clk 0:35:26]} Ka7 {[%clk 0:29:05]} 45. Be1 Rd4
{[%clk 0:27:28]} 46. Bg3 {[%clk 0:33:21]} Rd8 {[%clk 0:23:13]} 47. Qe4 1/2-1/2

[Event "escc2023_50"]
[Site "?"]
[Date "2023.05.28"]
[Round "3.5"]
[White "Mrva, Martin"]
[Black "Sturua, Zurab"]
[Result "1/2-1/2"]
[BlackElo "2518"]
[WhiteElo "2353"]
[LiveChessVersion "1.4.8"]

1. e4 {[%clk 1:30:57]} c5 {[%clk 1:30:42]} 2. Nf3 {[%clk 1:31:17]} d6
{[%clk 1:30:46]} 3. d4 {[%clk 1:31:41]} Nf6 {[%clk 1:30:52]} 4. Nc3
{[%clk 1:32:04]} cxd4 {[%clk 1:31:16]} 5. Nxd4 {[%clk 1:32:29]} Nc6
{[%clk 1:31:18]} 6. Bg5 {[%clk 1:31:22]} Qb6 {[%clk 1:29:59]} 7. Nb3
{[%clk 1:29:53]} e6 {[%clk 1:29:58]} 8. Qd2 {[%clk 1:23:55]} Be7 {[%clk 1:29:43]}
9. O-O-O {[%clk 1:21:25]} O-O {[%clk 1:29:07]} 10. h4 {[%clk 1:10:46]} Rd8
{[%clk 1:26:05]} 11. Bd3 {[%clk 0:54:10]} Nb4 {[%clk 1:05:20]} 12. f4
{[%clk 0:40:55]} h6 {[%clk 0:49:25]} 13. Qe2 {[%clk 0:35:09]} hxg5
{[%clk 0:42:28]} 14. hxg5 {[%clk 0:34:51]} g6 {[%clk 0:42:43]} 15. g4
{[%clk 0:31:34]} Nxg4 {[%clk 0:35:21]} 16. Qxg4 {[%clk 0:30:35]} Bf8
{[%clk 0:35:46]} 17. e5 {[%clk 0:25:47]} Bg7 {[%clk 0:32:38]} 18. Ne4
{[%clk 0:17:53]} dxe5 {[%clk 0:26:22]} 19. Nf6+ {[%clk 0:17:25]} Kf8
{[%clk 0:22:38]} 20. Qh3 {[%clk 0:17:42]} Nd5 {[%clk 0:18:38]} 21. fxe5
{[%clk 0:16:15]} Qe3+ {[%clk 0:18:21]} 22. Qxe3 {[%clk 0:14:22]} Nxe3
{[%clk 0:18:46]} 23. Rd2 {[%clk 0:13:57]} Bd7 {[%clk 0:16:40]} 24. Rh3
{[%clk 0:09:43]} Nd5 {[%clk 0:16:16]} 25. Be4 {[%clk 0:08:14]} Bc6
{[%clk 0:13:53]} 26. Rhd3 {[%clk 0:07:51]} Bb5 {[%clk 0:11:13]} 27. Rd4
{[%clk 0:07:51]} Rac8 {[%clk 0:11:31]} 28. Na5 {[%clk 0:06:52]} Ba6
{[%clk 0:05:32]} 29. b3 {[%clk 0:07:16]} Ke7 {[%clk 0:04:01]} 30. c4
{[%clk 0:07:22]} b6 {[%clk 0:04:07]} 31. Kb2 {[%clk 0:05:56]} bxa5
{[%clk 0:04:29]} 32. cxd5 {[%clk 0:06:18]} Rc5 {[%clk 0:03:42]} 33. Rc2
{[%clk 0:05:53]} Rxc2+ {[%clk 0:03:38]} 34. Kxc2 {[%clk 0:04:09]} exd5
{[%clk 0:04:01]} 35. Rxd5 {[%clk 0:03:09]} Rxd5 {[%clk 0:03:04]} 36. Bxd5
{[%clk 0:03:34]} Bb5 {[%clk 0:03:13]} 37. Kc3 {[%clk 0:03:13]} Be8
{[%clk 0:03:18]} 38. Kd4 {[%clk 0:03:12]} Kd8 {[%clk 0:03:34]} 39. Ne4
{[%clk 0:01:57]} Bf8 {[%clk 0:02:07]} 40. Nd6 {[%clk 0:02:14]} Be7
{[%clk 0:02:25]} 41. a4 {[%clk 0:00:37]} Bxg5 {[%clk 0:00:57]} 42. Bxf7
{[%clk 0:00:34]} Bc6 {[%clk 0:20:58]} 43. Bxg6 {[%clk 0:30:49]} Kc7
{[%clk 0:20:45]} 44. Nc4 {[%clk 0:26:03]} Bh4 {[%clk 0:18:25]} 45. Nxa5
{[%clk 0:18:27]} Bf2+ {[%clk 0:18:07]} 46. Kd3 {[%clk 0:18:51]} Bd5
{[%clk 0:14:50]} 47. Be4 {[%clk 0:13:40]} Be6 {[%clk 0:14:20]} 48. b4
{[%clk 0:11:15]} Bg3 {[%clk 0:11:55]} 49. Nc6 {[%clk 0:10:34]} a6
{[%clk 0:10:24]} 50. Nd4 {[%clk 0:07:58]} Bd7 {[%clk 0:10:29]} 51. e6
{[%clk 0:05:36]} Bxa4 {[%clk 0:10:43]} 52. Bg6 {[%clk 0:05:55]} Bd6
{[%clk 0:09:54]} 53. Kc4 {[%clk 0:06:18]} Bf8 {[%clk 0:08:23]} 54. Nf5
{[%clk 0:06:01]} Kd8 {[%clk 0:08:16]} 55. Bh5 {[%clk 0:04:41]} Bb5+
{[%clk 0:06:44]} 56. Kc3 {[%clk 0:05:06]} Bf1 {[%clk 0:06:14]} 57. Bg4
{[%clk 0:03:58]} Bb5 {[%clk 0:06:01]} 58. Bf3 {[%clk 0:03:22]} Bf1
{[%clk 0:05:58]} 59. Bd5 {[%clk 0:03:04]} Bh3 {[%clk 0:05:05]} 60. Nd4
{[%clk 0:03:12]} Kc7 {[%clk 0:05:05]} 61. Bc4 {[%clk 0:03:10]} Bg7
{[%clk 0:03:42]} 62. Bxa6 {[%clk 0:01:51]} 1/2-1/2

[Event "escc2023_50"]
[Site "?"]
[Date "2023.05.28"]
[Round "3.6"]
[White "Prie, Eric"]
[Black "Van Der Werf, Mark"]
[Result "1/2-1/2"]
[BlackElo "2396"]
[WhiteElo "2352"]
[LiveChessVersion "1.4.8"]

1. d4 {[%clk 1:29:11]} Nf6 {[%clk 1:30:54]} 2. Nf3 {[%clk 1:29:26]} e6
{[%clk 1:31:16]} 3. Bf4 {[%clk 1:29:33]} d5 {[%clk 1:31:40]} 4. e3
{[%clk 1:29:53]} Bd6 {[%clk 1:32:03]} 5. Bg3 {[%clk 1:30:14]} O-O
{[%clk 1:32:19]} 6. Nbd2 {[%clk 1:30:06]} c5 {[%clk 1:32:27]} 7. c3
{[%clk 1:30:28]} Qc7 {[%clk 1:32:28]} 8. dxc5 {[%clk 1:30:32]} Qxc5
{[%clk 1:32:46]} 9. Bd3 {[%clk 1:30:56]} Nbd7 {[%clk 1:31:27]} 10. e4
{[%clk 1:15:52]} dxe4 {[%clk 1:31:26]} 11. Bxd6 {[%clk 1:15:12]} Qxd6
{[%clk 1:31:42]} 12. Nxe4 {[%clk 1:15:25]} Nxe4 {[%clk 1:27:16]} 13. Bxe4
{[%clk 1:15:45]} Qf4 {[%clk 1:27:31]} 14. Bc2 {[%clk 1:16:05]} b6
{[%clk 1:16:48]} 15. Qd4 {[%clk 1:09:44]} Qxd4 {[%clk 1:16:21]} 16. Nxd4
{[%clk 1:10:05]} Bb7 {[%clk 1:16:00]} 17. f3 {[%clk 1:06:57]} Rfd8
{[%clk 1:09:56]} 18. O-O-O {[%clk 1:05:57]} Nf6 {[%clk 1:08:00]} 19. Nb5
{[%clk 1:03:21]} a6 {[%clk 1:07:12]} 20. Nd6 {[%clk 1:01:53]} Bd5
{[%clk 1:04:43]} 21. Ne4 {[%clk 1:02:17]} 1/2-1/2

[Event "escc2023_50"]
[Site "?"]
[Date "2023.05.28"]
[Round "3.7"]
[White "Bellia, Fabrizio"]
[Black "Folk, Petr"]
[Result "1-0"]
[BlackElo "2135"]
[WhiteElo "2393"]
[LiveChessVersion "1.4.8"]

1. e4 {[%clk 1:30:55]} c5 {[%clk 1:30:42]} 2. Nf3 {[%clk 1:31:19]} Nc6
{[%clk 1:31:04]} 3. Bb5 {[%clk 1:31:31]} e6 {[%clk 1:30:56]} 4. O-O
{[%clk 1:31:35]} Nge7 {[%clk 1:31:18]} 5. Re1 {[%clk 1:31:59]} Nd4
{[%clk 1:31:24]} 6. Nxd4 {[%clk 1:30:47]} cxd4 {[%clk 1:31:48]} 7. c3
{[%clk 1:30:49]} a6 {[%clk 1:31:40]} 8. Bf1 {[%clk 1:30:48]} Nc6 {[%clk 1:31:20]}
9. d3 {[%clk 1:30:10]} Bc5 {[%clk 1:28:43]} 10. Nd2 {[%clk 1:25:28]} O-O
{[%clk 1:20:37]} 11. Nf3 {[%clk 1:24:01]} d6 {[%clk 1:18:46]} 12. b4
{[%clk 1:22:20]} Ba7 {[%clk 1:18:33]} 13. Bb2 {[%clk 1:21:32]} dxc3
{[%clk 1:14:30]} 14. Bxc3 {[%clk 1:21:48]} e5 {[%clk 1:13:20]} 15. h3
{[%clk 1:13:31]} Qf6 {[%clk 1:05:51]} 16. a4 {[%clk 0:58:39]} b5 {[%clk 0:57:02]}
17. axb5 {[%clk 0:53:22]} axb5 {[%clk 0:57:12]} 18. Qe2 {[%clk 0:52:56]} Bb7
{[%clk 0:51:53]} 19. Rec1 {[%clk 0:44:09]} h6 {[%clk 0:43:50]} 20. Bd2
{[%clk 0:37:44]} Bb6 {[%clk 0:31:43]} 21. Be3 {[%clk 0:37:00]} Rxa1
{[%clk 0:29:30]} 22. Rxa1 {[%clk 0:37:19]} Nd4 {[%clk 0:27:47]} 23. Nxd4
{[%clk 0:35:07]} exd4 {[%clk 0:27:49]} 24. Bd2 {[%clk 0:35:27]} Rc8
{[%clk 0:26:39]} 25. g3 {[%clk 0:33:08]} Qe6 {[%clk 0:25:55]} 26. h4
{[%clk 0:25:20]} Rc2 {[%clk 0:22:31]} 27. Qd1 {[%clk 0:22:59]} Rb2
{[%clk 0:20:09]} 28. Qe1 {[%clk 0:17:05]} Qb3 {[%clk 0:17:04]} 29. Rc1
{[%clk 0:16:39]} Qa2 {[%clk 0:08:52]} 30. Bf4 {[%clk 0:15:32]} Qe6
{[%clk 0:09:08]} 31. Rb1 {[%clk 0:09:45]} Ra2 {[%clk 0:08:30]} 32. Qd1
{[%clk 0:09:00]} Bd8 {[%clk 0:07:37]} 33. Qh5 {[%clk 0:08:22]} d5
{[%clk 0:05:51]} 34. e5 {[%clk 0:07:06]} Rc2 {[%clk 0:04:55]} 35. Ra1
{[%clk 0:06:23]} Bb6 {[%clk 0:04:40]} 36. Qd1 {[%clk 0:05:25]} Rc3
{[%clk 0:04:42]} 37. Kh2 {[%clk 0:05:26]} Qf5 {[%clk 0:04:16]} 38. Kg1
{[%clk 0:04:39]} Kh8 {[%clk 0:03:05]} 39. Qe2 {[%clk 0:03:58]} Kg8
{[%clk 0:02:40]} 40. Rd1 {[%clk 0:04:19]} Bc8 {[%clk 0:01:20]} 41. Ra1
{[%clk 0:01:41]} Qe6 {[%clk 0:29:16]} 42. Qa2 {[%clk 0:21:21]} Bb7
{[%clk 0:28:52]} 43. Qe2 {[%clk 0:19:04]} Bc8 {[%clk 0:28:08]} 44. Bd2
{[%clk 0:19:16]} Rc2 {[%clk 0:27:18]} 45. Qd1 {[%clk 0:19:08]} Qc6
{[%clk 0:26:51]} 46. Bg2 {[%clk 0:18:59]} Bf5 {[%clk 0:22:10]} 47. Qf3
{[%clk 0:14:31]} Qg6 {[%clk 0:19:11]} 48. h5 {[%clk 0:11:24]} Qe6
{[%clk 0:17:52]} 49. Ra8+ {[%clk 0:10:25]} Kh7 {[%clk 0:17:33]} 50. Bf4
{[%clk 0:10:47]} Rc3 {[%clk 0:17:38]} 51. Qxd5 {[%clk 0:10:29]} Rxd3
{[%clk 0:16:05]} 52. Qb7 {[%clk 0:08:27]} Rd1+ {[%clk 0:16:02]} 53. Kh2
{[%clk 0:08:47]} d3 {[%clk 0:12:17]} 54. Qb8 {[%clk 0:08:07]} 1-0

[Event "escc2023_50"]
[Site "?"]
[Date "2023.05.28"]
[Round "3.8"]
[White "Berend, Fred"]
[Black "Arkell, Keith C"]
[Result "0-1"]
[BlackElo "2390"]
[WhiteElo "2257"]
[LiveChessVersion "1.4.8"]

1. d4 {[%clk 1:30:44]} c5 {[%clk 1:30:39]} 2. d5 {[%clk 1:30:23]} e5
{[%clk 1:31:03]} 3. Nc3 {[%clk 1:30:32]} d6 {[%clk 1:31:27]} 4. e4
{[%clk 1:30:49]} Be7 {[%clk 1:31:52]} 5. Nf3 {[%clk 1:30:15]} a6 {[%clk 1:32:15]}
6. a4 {[%clk 1:30:31]} Bg4 {[%clk 1:32:40]} 7. Be2 {[%clk 1:30:41]} Bxf3
{[%clk 1:33:03]} 8. Bxf3 {[%clk 1:30:23]} Bg5 {[%clk 1:33:28]} 9. O-O
{[%clk 1:30:08]} Bxc1 {[%clk 1:33:53]} 10. Qxc1 {[%clk 1:30:01]} Ne7
{[%clk 1:33:38]} 11. Bg4 {[%clk 1:23:26]} Nd7 {[%clk 1:33:44]} 12. Bxd7+
{[%clk 1:21:24]} Qxd7 {[%clk 1:34:09]} 13. a5 {[%clk 1:20:45]} Qc7
{[%clk 1:34:17]} 14. Qe1 {[%clk 1:18:31]} O-O {[%clk 1:34:32]} 15. Ra3
{[%clk 1:11:05]} Rae8 {[%clk 1:34:26]} 16. f3 {[%clk 1:02:21]} f5
{[%clk 1:34:38]} 17. Nd1 {[%clk 0:59:03]} Rf7 {[%clk 1:30:16]} 18. Ne3
{[%clk 0:55:52]} Ref8 {[%clk 1:30:07]} 19. Qc3 {[%clk 0:41:33]} Qd7
{[%clk 1:25:52]} 20. Raa1 {[%clk 0:39:44]} f4 {[%clk 1:24:43]} 21. Nc4
{[%clk 0:39:27]} g5 {[%clk 1:23:57]} 22. h3 {[%clk 0:39:29]} h5 {[%clk 1:23:55]}
23. Kf2 {[%clk 0:39:50]} Rg7 {[%clk 1:23:52]} 24. Rh1 {[%clk 0:39:53]} Rf6
{[%clk 1:22:06]} 25. Rag1 {[%clk 0:37:50]} Ng6 {[%clk 1:21:43]} 26. Ke2
{[%clk 0:35:42]} Nh4 {[%clk 1:20:18]} 27. b3 {[%clk 0:34:56]} Rh6
{[%clk 1:19:27]} 28. Qe1 {[%clk 0:35:12]} Qd8 {[%clk 1:17:46]} 29. Rh2
{[%clk 0:29:14]} g4 {[%clk 1:00:54]} 30. hxg4 {[%clk 0:27:55]} hxg4
{[%clk 1:01:17]} 31. Rgh1 {[%clk 0:27:22]} g3 {[%clk 0:55:27]} 32. Rxh4
{[%clk 0:12:05]} Rxh4 {[%clk 0:55:30]} 33. Rxh4 {[%clk 0:12:33]} Qxh4
{[%clk 0:55:53]} 34. Nxd6 {[%clk 0:12:57]} Qh2 {[%clk 0:54:27]} 35. Qf1
{[%clk 0:13:23]} Rh7 {[%clk 0:54:12]} 36. Nc4 {[%clk 0:13:33]} Rh5
{[%clk 0:42:18]} 37. d6 {[%clk 0:10:06]} Kf7 {[%clk 0:41:07]} 38. Kd2
{[%clk 0:06:40]} Ke8 {[%clk 0:38:52]} 39. Kc3 {[%clk 0:03:32]} Qh1
{[%clk 0:35:08]} 40. Qd3 {[%clk 0:01:55]} Qa1+ {[%clk 0:35:03]} 41. Nb2
{[%clk 0:00:55]} Qxa5+ {[%clk 0:33:04]} 42. Kc4 {[%clk 0:01:19]} Qb5+
{[%clk 0:29:43]} 43. Kd5 {[%clk 0:01:43]} c4+ {[%clk 0:29:41]} 44. Ke6
{[%clk 0:01:52]} cxd3 {[%clk 0:29:36]} 0-1

[Event "escc2023_50"]
[Site "?"]
[Date "2023.05.28"]
[Round "3.9"]
[White "Lacasa Diaz, Jose Antonio"]
[Black "De Santis, Alessio"]
[Result "1/2-1/2"]
[BlackElo "2117"]
[WhiteElo "2359"]
[LiveChessVersion "1.4.8"]

1. e4 {[%clk 1:30:56]} b6 {[%clk 1:29:49]} 2. d4 {[%clk 1:30:54]} Bb7
{[%clk 1:30:11]} 3. Nc3 {[%clk 1:30:34]} e6 {[%clk 1:29:57]} 4. Bd3
{[%clk 1:30:33]} Nf6 {[%clk 1:28:10]} 5. Nge2 {[%clk 1:30:40]} Be7
{[%clk 1:24:19]} 6. e5 {[%clk 1:24:06]} Nd5 {[%clk 1:24:40]} 7. Nxd5
{[%clk 1:23:03]} Bxd5 {[%clk 1:25:03]} 8. Nf4 {[%clk 1:23:05]} Bb7
{[%clk 1:25:14]} 9. O-O {[%clk 1:18:04]} g6 {[%clk 1:14:54]} 10. Re1
{[%clk 1:12:59]} d5 {[%clk 0:47:32]} 11. c3 {[%clk 1:05:04]} Qd7 {[%clk 0:45:01]}
12. a3 {[%clk 0:53:23]} a5 {[%clk 0:38:16]} 13. Be3 {[%clk 0:50:22]} c5
{[%clk 0:32:12]} 14. Bc2 {[%clk 0:48:26]} c4 {[%clk 0:23:59]} 15. a4
{[%clk 0:47:20]} Na6 {[%clk 0:23:36]} 16. Nh3 {[%clk 0:46:03]} Nc7
{[%clk 0:18:03]} 17. Bh6 {[%clk 0:42:03]} O-O-O {[%clk 0:13:20]} 18. Qf3
{[%clk 0:35:07]} Bf8 {[%clk 0:09:08]} 19. Bg5 {[%clk 0:34:48]} Re8
{[%clk 0:09:32]} 20. Bf6 {[%clk 0:34:38]} Rg8 {[%clk 0:09:49]} 21. Ng5
{[%clk 0:34:41]} h6 {[%clk 0:10:08]} 22. Nh7 {[%clk 0:34:31]} Kb8
{[%clk 0:10:20]} 23. Qf4 {[%clk 0:30:30]} h5 {[%clk 0:08:37]} 24. Re3
{[%clk 0:29:14]} Rc8 {[%clk 0:08:35]} 25. Rf3 {[%clk 0:29:03]} Bg7
{[%clk 0:07:07]} 26. Bxg7 {[%clk 0:12:08]} Rxg7 {[%clk 0:07:32]} 27. Nf6
{[%clk 0:12:25]} Qd8 {[%clk 0:07:09]} 28. h4 {[%clk 0:12:10]} Ka7
{[%clk 0:07:05]} 29. Rb1 {[%clk 0:11:36]} Bc6 {[%clk 0:06:52]} 30. b3
{[%clk 0:11:29]} cxb3 {[%clk 0:07:13]} 31. Bxb3 {[%clk 0:11:54]} Qh8
{[%clk 0:07:24]} 32. Qc1 {[%clk 0:10:46]} Ne8 {[%clk 0:05:32]} 33. Qb2
{[%clk 0:05:16]} Rb8 {[%clk 0:05:27]} 34. c4 {[%clk 0:05:32]} dxc4
{[%clk 0:05:23]} 35. Rc3 {[%clk 0:05:41]} Nxf6 {[%clk 0:05:38]} 36. exf6
{[%clk 0:05:55]} Rgg8 {[%clk 0:05:54]} 37. Bxc4 {[%clk 0:04:08]} Rgc8
{[%clk 0:06:10]} 38. Bf1 {[%clk 0:02:37]} Qd8 {[%clk 0:05:50]} 39. Qe2
{[%clk 0:02:04]} Bb7 {[%clk 0:04:52]} 40. Rcb3 {[%clk 0:02:20]} Rc6
{[%clk 0:05:06]} 41. Qb2 {[%clk 0:28:01]} 1/2-1/2